000 00927nam a2200301Ia 4500
001 Para_2219
003 CHAP
008 220125s1934 xx 000 0 und d
010 _a200802
040 _cCHAP
082 _aPA-C 634 N4 1933
100 _aYothers, M.A.
_9123181
245 _aBiology and control of tree hoppers injurious to fruit trees in the pacific northwest /
_c by M.A., Yothers
260 _aWashington, D.C. :
_b USDA
300 _a46 p.
440 _aTechnical bulletin, 402
_9165649
500 _aEncuadernado con : Orchard insects... / by E.J. Newcomer
650 _aArboles
_x plagas
_982440
650 _aArboles frutales
_x plagas
_96683
650 _aControl biológico de plagas
_927587
901 _aPA-C 634 N4 1933
902 _aA
905 _a0000001934 a 0000000000 00
910 _a1934
942 _cPARA
942 _cPARA
_d1
999 _c200802
_d200802